LEADER 00998nam0-22003491i-450- 001 990008002320403321 005 20070322140807.0 010 $a0-691-11821-3 035 $a000800232 035 $aFED01000800232 035 $a(Aleph)000800232FED01 035 $a000800232 100 $a20050210d2004----km-y0itay50------ba 101 0 $aeng 102 $aGB 200 1 $a<>company of strangers$ea natural history of economic life$fPaul Seabright 210 $aPrinceton ; Oxford$cPrinceton University Press$dİ2004 215 $aX, 304 p.$d24 cm 610 0 $aEconomia$aAspetti sociali 610 0 $aCapitale sociale 676 $a306.3$v21$zita 676 $a302$v21$zita 700 1$aSeabright,$bPaul$f<1958- >$0119600 801 0$aIT$bUNINA$gRICA$2UNIMARC 901 $aBK 912 $a990008002320403321 952 $aXI A 2703$b41322$fFSPBC 952 $a306.3 SEA 1$b8463$fBFS 959 $aFSPBC 959 $aBFS 996 $aCompany of strangers$913926 997 $aUNINA LEADER 01412oam 2200385z- 450 001 996278333503316 005 20081021082913.0 010 $a1-5090-8696-X 035 $a(CKB)1000000000331380 035 $a(EXLCZ)991000000000331380 100 $a20220608c2007uuuu -u- - 101 0 $aeng 200 10$a2007 4th IEEE International Symposium on Biomedical Imaging--Macro to Nano $eApril 12-15, 2007 210 $cIEEE 311 $a1-4244-0671-4 311 $a1-4244-0672-2 517 $a2007 4th IEEE International Symposium on Biomedical Imaging 517 $a2007 4th IEEE International Symposium on Biomedical Imaging: From Nano to Macro 517 $aComputer and Information Technology 531 $aBIOMEDICAL IMAGING 606 $aImaging systems in medicine$vCongresses 606 $aDiagnostic imaging$vCongresses 606 $aImage processing$vCongresses 615 0$aImaging systems in medicine 615 0$aDiagnostic imaging 615 0$aImage processing 676 $a616.07/54 712 02$aInstitute of Electrical and Electronics Engineers. 712 02$aIEEE Engineering in Medicine and Biology Society. 712 02$aIEEE Signal Processing Society. 712 02$aIEEE Xplore (Online service) 906 $aPROCEEDING 912 $a996278333503316 996 $a2007 4th IEEE International Symposium on Biomedical Imaging--Macro to Nano$92872305 997 $aUNISA